000 00691nam a22002297a 4500
003 UA-OsUOA
001 47857
007 ta
008 20070822b un ||||| |||| 00| 0 ukr d
100 _aМикитенко Ю.
090 _a82.09
_bМ59
942 _cBK
040 _aUA-OsUOA
_bukr
_cUA-OsUOA
_dUA-OsUOA
245 _aВід "Слова" до "Ілліади". Петро Ніщинський - перекладач
_bлітературно-критичний нарис
300 _a62 с.
955 _a1
041 _aukr
080 _a82.09
260 _aК.
_bДія
_c1993
650 7 _a82 Література. Літературознавство
_2UDC
999 _c333957
_d333957